| 000 | 00380nam a2200133Ia 4500 | ||
|---|---|---|---|
| 005 | 20260326235440.0 | ||
| 008 | 260326s9999||||xx |||||||||||||| ||und|| | ||
| 100 | _aMyerson, Jeremy | ||
| 245 | 0 |
_aNew Public Architecture : _b Museums, libraries, Town halls and more / _cJeremy Myerson |
|
| 260 | _bLaurence King | ||
| 300 | _a240 p. | ||
| 650 | _aARQUITECTURA - CULTURA | ||
| 942 | _cBK | ||
| 999 |
_c7377 _d7377 |
||